International Journal of Business Information Systems

Salvato in:
Dettagli Bibliografici
Natura: Periodico
Lingua:inglese
Pubblicazione: Geneve Inderscience Enterprises Limited
Tags: Aggiungi Tag
Nessun Tag, puoi essere il primo ad aggiungerne!!

MARC

LEADER 00000nas1a2200000 4500
001 0262739
005 20250701092121.1
022 |a 1746-0980 
022 |a 1746-0972 
041 0 |a eng 
044 |a CH 
245 1 0 |a International Journal of Business Information Systems 
264 1 |a Geneve  |b Inderscience Enterprises Limited